| 000 | 01740cam a22003614a 4500 | ||
|---|---|---|---|
| 001 | 15118028 | ||
| 003 | OSt | ||
| 005 | 20150724105513.0 | ||
| 008 | 071214s2008 enka b 001 0 eng | ||
| 010 | _a 2007051269 | ||
| 020 | _a9780521705707 | ||
| 035 | _a(DNLM)101392644 | ||
| 040 | _aSEKU | ||
| 042 | _apcc | ||
| 050 | 0 | 0 |
_aRC 480.5 _b.P6 2008 |
| 100 | 1 |
_aPoole, Rob, _d1956- |
|
| 245 | 1 | 0 |
_aClinical skills in psychiatric treatment _cRob Poole and Robert Higgo. |
| 260 |
_aCambridge ; _aNew York : _bCambridge University Press, _c2008. |
||
| 300 |
_aviii, 228 p. : _bill. ; _c24 ; _ccm. |
||
| 440 | 0 | _aCambridge clinical guides | |
| 504 | _aIncludes bibliographical references (p. [217]-220) and index. | ||
| 505 | 0 | _aStarting points -- A triangle of forces -- Treatment objectives -- Strategic treatment -- Teams -- Team work -- Inpatient treatment in the era of community psychiatry -- Compulsion and locked doors -- Not at home, not in hospital -- Models of care -- Engagement -- Compliance and concordance -- Treatment resistance -- Complicated problems -- Managing risk -- Staying well -- Coping with dilemmas -- Coping with change. | |
| 650 | 0 |
_aMental illness _xTreatment _xStandards. |
|
| 650 | 0 |
_aPsychiatry _xStandards. |
|
| 650 | 0 | _aClinical competence. | |
| 650 | 1 | 2 | _aClinical Competence. |
| 650 | 1 | 2 |
_aMental Disorders _xtherapy. |
| 700 | 1 |
_aHiggo, Robert, _d1952- |
|
| 856 | 4 | 2 |
_3Contributor biographical information _uhttp://www.loc.gov/catdir/enhancements/fy0806/2007051269-b.html |
| 856 | 4 | 2 |
_3Publisher description _uhttp://www.loc.gov/catdir/enhancements/fy0806/2007051269-d.html |
| 856 | 4 | 1 |
_3Table of contents only _uhttp://www.loc.gov/catdir/enhancements/fy0806/2007051269-t.html |
| 942 |
_2lcc _cGEN |
||
| 999 |
_c7034 _d7034 |
||